Countries Of South America - Statistics

General Stats
  • This quiz has been taken 15 times
  • The average score is 11 of 12
Answers on the Map
Answers color-coded by a green-red scale on the quiz's map according to % correct below.
 
Answer Stats
Answer % Correct
Brazil
100%
Argentina
93%
chile
93%
colombia
93%
ecuador
93%
paraguay
93%
peru
93%
uruguay
93%
bolivia
86%
guyana
86%
suriname
86%
venezuela
86%
No matching quizzes found
Score Distribution
Percent of People with Each Score
Percentile by Number Answered
Your Score History
You have not taken this quiz